Do we worship the same God? : Jews, Christians, and Muslims in dialogue /

Bibliographic Details
Other Authors: Volf, Miroslav
Format: Book
Language:English
Published: Grand Rapids, Mich. : William B. Eerdmans Pub., 2012.
Subjects:

MARC

Tag First Indicator Second Indicator Subfields
LEADER 00000cam a2200000 a 4500
001 in00002783333
005 20150922144746.0
008 120323s2012 miu b 000 0 eng
010 |a  2012009877 
020 |a 9780802866899 (pbk. : alk. paper) 
020 |a 0802866891 (pbk. : alk. paper) 
035 |a (OCoLC)ocn779874479 
035 |a (OCoLC)779874479 
040 |a DLC  |b eng  |c DLC  |d YDX  |d BTCTA  |d BDX  |d YDXCP  |d OCLCO  |d BWX  |d UtOrBLW 
042 |a pcc 
049 |a TXAM 
050 0 0 |a BL473  |b .D6 2012 
082 0 0 |a 201/.5  |2 23 
245 0 0 |a Do we worship the same God? :  |b Jews, Christians, and Muslims in dialogue /  |c edited by Miroslav Volf. 
264 1 |a Grand Rapids, Mich. :  |b William B. Eerdmans Pub.,  |c 2012. 
300 |a x, 166 pages ;  |c 23 cm. 
336 |a text  |b txt  |2 rdacontent 
337 |a unmediated  |b n  |2 rdamedia 
338 |a volume  |b nc  |2 rdacarrier 
504 |a Includes bibliographical references. 
650 0 |a God. 
650 0 |a Abrahamic religions. 
650 0 |a Religions  |x Relations. 
650 0 |a Judaism. 
650 0 |a Christianity. 
650 0 |a Islam. 
700 1 |a Volf, Miroslav. 
938 |a Baker and Taylor  |b BTCP  |n BK0010864723 
938 |a Brodart  |b BROD  |n 102621543  |c $20.00 
938 |a YBP Library Services  |b YANK  |n 7606873 
938 |a Blackwell Book Service  |b BBUS  |n 7606873 
947 |a A14836005776 
945 |a PromptCat  |b 99174 
946 |a stk 
994 |a 92  |b TXA 
948 |a Cataloged  |b h  |c 2012/11/21  |d c  |e EGrant 
999 |a MARS 
999 f f |s 51772ef2-5689-3773-8bc8-205636d9ffe9  |i eb89b62c-201c-376c-8c5c-5664807868bc  |t 0 
952 f f |p normal  |a Texas A&M University  |b College Station  |c Sterling C. Evans Library  |d Evans: Library Stacks  |t 0  |e BL473 .D6 2012  |h Library of Congress classification  |i unmediated -- volume  |m A14836005776 
998 f f |a BL473 .D6 2012  |t 0  |l Evans: Library Stacks